000 00732cam a22002293a 4500
001 17475
003 PGUSA
005 20140828083355.0
008 060107s2006||||xxu|||||s|||||000 | eng d
040 _aPGUSA
_beng
042 _adc
050 4 _aSH
100 1 _aCobb, John N.
_q(John Nathan),
_d1868-1930
245 1 4 _aThe Lobster Fishery of Maine :
_bBulletin of the United States Fish Commission, Vol. 19, Pages 241-265, 1899
_h[electronic resource] /
_cJohn N. Cobb
260 _bProject Gutenberg,
_c2006
506 _aPublic domain in the USA.
516 _aElectronic text
653 _aLobster fisheries -- Maine
830 0 _aProject Gutenberg
_v17475
856 4 0 _uhttp://www.gutenberg.org/ebooks/17475
942 _cEB
999 _c246730
_d246730